[Event "ROM-ch"]
[Site "Baile Olanesti"]
[Date "2013.02.22"]
[Round "9"]
[White "Toma, Mihail"]
[Black "Pessi, Emil George"]
[Result "0-1"]
[WhiteElo "1908"]
[BlackElo "2160"]
[PlyCount "76"]
[EventDate "2013.02.16"]
[EventType "swiss"]
[EventRounds "11"]
[EventCountry "ROU"]
[SourceTitle "CBM 153 Extra"]
[Source "ChessBase"]
[SourceDate "2013.04.22"]
[SourceVersion "1"]
[SourceVersionDate "2013.04.22"]
[SourceQuality "1"]

1. d4 Nf6 2. Nf3 g6 3. Bg5 Bg7 4. e3 c5 5. c3 b6 6. Nbd2 Bb7 7. Bd3 Nc6 8. 0-0 0-0 9. a4 d5 10. Re1 Rc8 11. h3 Re8 12. Bb5 Nd7 13. Qb3 a6 14. Bf1 Qc7 15. Rad1 e5 16. dxe5 Ncxe5 17. Bf4 c4 18. Qc2 Nc5 19. Nxe5 Bxe5 20. Bxe5 Qxe5 21. Nf3 Qe4 22. Qxe4 dxe4 23. Nd4 Nxa4 24. Rd2 h5 25. Be2 b5 26. g4 h4 27. f4 exf3 28. Bxf3 Be4 29. Bxe4 Rxe4 30. Nf3 Rce8 31. Nxh4 Rxe3 32. Rxe3 Rxe3 33. Kg2 a5 34. Nf3 Rd3 35. Re2 b4 36. Ne5 Nxc3 37. bxc3 Rxc3 38. Nd7 Rd3 0-1

[Event "ROM-ch"]
[Site "Baile Olanesti"]
[Date "2013.02.21"]
[Round "7"]
[White "Lupascu, Matei Alexandru"]
[Black "Pessi, Emil George"]
[Result "1-0"]
[WhiteElo "2004"]
[BlackElo "2160"]
[PlyCount "101"]
[EventDate "2013.02.16"]
[EventType "swiss"]
[EventRounds "11"]
[EventCountry "ROU"]
[SourceTitle "CBM 153 Extra"]
[Source "ChessBase"]
[SourceDate "2013.04.22"]
[SourceVersion "1"]
[SourceVersionDate "2013.04.22"]
[SourceQuality "1"]

1. d4 Nf6 2. c4 g6 3. Nc3 d5 4. Nf3 Bg7 5. Bf4 0-0 6. e3 c6 7. Bd3 dxc4 8. Bxc4 Bf5 9. 0-0 h6 10. Re1 Ne4 11. Ne5 Nd7 12. Nd3 Nb6 13. Bb3 Nxc3 14. bxc3 Nd5 15. Rc1 Bxd3 16. Bxd5 Qxd5 17. Qxd3 e5 18. Bg3 exd4 19. cxd4 Qxa2 20. e4 Rad8 21. e5 Qe6 22. Qe3 Rd5 23. Rcd1 a5 24. f4 Rfd8 25. Bf2 Bf8 26. Qf3 Bb4 27. Rc1 Qd7 28. g4 Rxd4 29. Bxd4 Qxd4+ 30. Kg2 Qd2+ 31. Qf2 Rd4 32. Qxd2 Rxd2+ 33. Kf3 c5 34. f5 Rd5 35. Ke4 Rd4+ 36. Kf3 b5 37. Ra1 gxf5 38. gxf5 Bc3 39. Rg1+ Kf8 40. Ra3 Rd3+ 41. Ke4 Rd4+ 42. Kf3 Bd2 43. Ke2 c4 44. f6 a4 45. Rb1 Rd5 46. Rd1 c3 47. Rxc3 Bxc3 48. Rxd5 Ke8 49. Rxb5 a3 50. Rb8+ Kd7 51. Ra8 1-0

[Event "ROM-chTA"]
[Site "Olanesti"]
[Date "2012.10.14"]
[Round "9.4"]
[White "Dicu, Razvan Stefan"]
[Black "Pessi, Emil George"]
[Result "1/2-1/2"]
[WhiteElo "2232"]
[BlackElo "2183"]
[PlyCount "77"]
[EventDate "2012.10.06"]
[EventType "team-tourn"]
[EventRounds "9"]
[EventCountry "ROU"]
[SourceTitle "CBM 150 Extra"]
[Source "ChessBase"]
[SourceDate "2012.10.19"]
[SourceVersion "1"]
[SourceVersionDate "2012.10.19"]
[SourceQuality "1"]
[WhiteTeam "Otopeni"]
[BlackTeam "Resita Muncitorul"]
[WhiteTeamCountry "ROU"]
[BlackTeamCountry "ROU"]

1. e4 e5 2. Nf3 Nc6 3. d4 d6 4. Bb5 Bd7 5. Nc3 Nf6 6. 0-0 Be7 7. Re1 Nxd4 8. Nxd4 exd4 9. Qxd4 Bxb5 10. Nxb5 0-0 11. Bg5 c6 12. e5 cxb5 13. exf6 Bxf6 14. Bxf6 Qxf6 15. Qxf6 gxf6 16. Re7 b6 17. Rd1 Rfe8 18. Rxe8+ Rxe8 19. Kf1 Rc8 20. c3 b4 21. cxb4 Rc2 22. Rb1 Kf8 23. g3 Ke7 24. Re1+ Kd7 25. Re2 Rxe2 26. Kxe2 Ke6 27. Kd3 Kd5 28. b3 Ke5 29. a3 Kd5 30. a4 Ke5 31. f3 Kd5 32. Kc3 f5 33. Kd3 h6 34. Kc3 h5 35. Kd3 Ke5 36. f4+ Kd5 37. b5 Kc5 38. Kc3 Kd5 39. Kd3 1/2-1/2

[Event "ROM-chTA"]
[Site "Olanesti"]
[Date "2012.10.11"]
[Round "6.5"]
[White "Andronescu, Madalin"]
[Black "Pessi, Emil George"]
[Result "0-1"]
[WhiteElo "2032"]
[BlackElo "2183"]
[PlyCount "62"]
[EventDate "2012.10.06"]
[EventType "team-tourn"]
[EventRounds "9"]
[EventCountry "ROU"]
[SourceTitle "CBM 150 Extra"]
[Source "ChessBase"]
[SourceDate "2012.10.19"]
[SourceVersion "1"]
[SourceVersionDate "2012.10.19"]
[SourceQuality "1"]
[WhiteTeam "Giurgiu"]
[BlackTeam "Resita Muncitorul"]
[WhiteTeamCountry "ROU"]
[BlackTeamCountry "ROU"]

1. d4 Nf6 2. c4 g6 3. Nc3 Bg7 4. e4 d6 5. Be3 0-0 6. f3 Nc6 7. Nge2 a6 8. Qd2 Bd7 9. g4 b5 10. cxb5 axb5 11. Nxb5 Na5 12. Na3 c5 13. dxc5 Nc6 14. Nc4 Be6 15. Nf4 d5 16. Nxe6 fxe6 17. Nb6 dxe4 18. Bc4 exf3 19. Bxe6+ Kh8 20. 0-0-0 Qc7 21. Nxa8 Rxa8 22. Bh6 Bxh6 23. Qxh6 Qe5 24. Rhe1 Qxc5+ 25. Kb1 g5 26. Bf5 f2 27. Re6 Qc4 28. Rxf6 Qxa2+ 29. Kc1 Qc4+ 30. Kd2 Rd8+ 31. Ke3 Qf4+ 0-1

[Event "ROM-ch"]
[Site "Sarata Monteoru"]
[Date "2012.02.20"]
[Round "10"]
[White "Daianu, Cristian Clement"]
[Black "Pessi, Emil George"]
[Result "1-0"]
[WhiteElo "2242"]
[BlackElo "2272"]
[PlyCount "107"]
[EventDate "2012.02.13"]
[EventType "swiss"]
[EventRounds "11"]
[EventCountry "ROU"]
[SourceTitle "CBM 147 Extra"]
[Source "ChessBase"]
[SourceDate "2012.04.24"]
[SourceVersion "1"]
[SourceVersionDate "2012.04.24"]
[SourceQuality "1"]

1. e4 e5 2. Nf3 Nc6 3. Bc4 Be7 4. 0-0 d6 5. a4 Nf6 6. d3 0-0 7. Re1 Be6 8. Nbd2 Nd7 9. c3 Qe8 10. Nf1 Na5 11. Ba2 Bxa2 12. Rxa2 f5 13. b4 Nc6 14. exf5 Qf7 15. Rae2 Qxf5 16. d4 Bf6 17. Ng3 Qg6 18. Qb3+ Qf7 19. Qxf7+ Rxf7 20. Ne4 exd4 21. b5 Nce5 22. Nxd4 Nd3 23. Rd1 Nxc1 24. Rxc1 Bxd4 25. cxd4 Nb6 26. Nc3 a6 27. bxa6 Rxa6 28. f3 Rd7 29. Rb2 c6 30. d5 c5 31. Ra1 Nc4 32. Re2 Kf7 33. Re6 h6 34. Kf2 Rb6 35. Ra2 Ra6 36. Re4 Nb6 37. h4 Nc8 38. g4 Ne7 39. Rb2 Ng6 40. Kg3 Ne5 41. f4 Nd3 42. Rd2 Nb4 43. f5 b5 44. Nxb5 Rxa4 45. g5 hxg5 46. hxg5 Ra1 47. Re6 Rg1+ 48. Rg2 Rxg2+ 49. Kxg2 Nxd5 50. Nxd6+ Kg8 51. Re8+ Kh7 52. g6+ Kh6 53. Nf7+ Kh5 54. Kg3 1-0

[Event "ROM-ch"]
[Site "Sarata Monteoru"]
[Date "2012.02.19"]
[Round "9"]
[White "Pessi, Emil George"]
[Black "Manole, Stefan"]
[Result "1-0"]
[WhiteElo "2272"]
[BlackElo "2082"]
[PlyCount "47"]
[EventDate "2012.02.13"]
[EventType "swiss"]
[EventRounds "11"]
[EventCountry "ROU"]
[SourceTitle "CBM 147 Extra"]
[Source "ChessBase"]
[SourceDate "2012.04.24"]
[SourceVersion "1"]
[SourceVersionDate "2012.04.24"]
[SourceQuality "1"]

1. e4 c6 2. Nc3 d5 3. Nf3 Bg4 4. h3 Bxf3 5. Qxf3 e6 6. g3 Nf6 7. Bg2 Bb4 8. e5 Nfd7 9. Qg4 Bf8 10. Qe2 d4 11. Nb1 Qg5 12. 0-0 Qxe5 13. Qd1 Nf6 14. d3 Qc7 15. Nd2 Bd6 16. Nc4 Nbd7 17. a4 Nb6 18. Nxd6+ Qxd6 19. Bf4 Qc5 20. a5 Nbd5 21. Be5 a6 22. Ra4 Ne3 23. Bxd4 Qb5 24. c4 1-0

[Event "Miercurea Ciuc Banc Post op 14th"]
[Site "Miercurea Ciuc"]
[Date "2011.08.16"]
[Round "7"]
[White "Schmid, Siegfried"]
[Black "Pessi, Emil George"]
[Result "0-1"]
[WhiteElo "2141"]
[BlackElo "2246"]
[PlyCount "78"]
[EventDate "2011.08.12"]
[EventType "swiss"]
[EventRounds "9"]
[EventCountry "ROU"]
[SourceTitle "CBM 144 Extra"]
[Source "ChessBase"]
[SourceDate "2011.10.28"]
[SourceVersion "1"]
[SourceVersionDate "2011.10.28"]
[SourceQuality "1"]

1. e4 e5 2. Nc3 Nf6 3. Nf3 Nc6 4. a3 Be7 5. d4 exd4 6. Nxd4 d6 7. Be2 0-0 8. Nxc6 bxc6 9. 0-0 Rb8 10. Rb1 d5 11. Be3 a5 12. Bf3 Be6 13. Qd2 dxe4 14. Nxe4 Ba2 15. Ra1 Bd5 16. Nxf6+ Bxf6 17. Bxd5 Qxd5 18. Qxd5 cxd5 19. Rad1 Rfd8 20. b3 d4 21. Bf4 Rb5 22. Rfe1 Rc5 23. Re2 h6 24. a4 g5 25. Bg3 d3 26. cxd3 Rxd3 27. Rde1 Rxb3 28. h4 Rb4 29. hxg5 hxg5 30. Re8+ Kg7 31. Rc8 Rbc4 32. Kh2 g4 33. Kg1 Bd4 34. Kf1 Bf6 35. Rce8 Rxa4 36. Be5 Rc2 37. Bxf6+ Kxf6 38. R8e4 Rac4 39. g3 a4 0-1

[Event "Miercurea Ciuc Banc Post op 14th"]
[Site "Miercurea Ciuc"]
[Date "2011.08.15"]
[Round "5"]
[White "Valles, Manuel"]
[Black "Pessi, Emil George"]
[Result "1-0"]
[WhiteElo "2229"]
[BlackElo "2246"]
[PlyCount "121"]
[EventDate "2011.08.12"]
[EventType "swiss"]
[EventRounds "9"]
[EventCountry "ROU"]
[SourceTitle "CBM 144 Extra"]
[Source "ChessBase"]
[SourceDate "2011.10.28"]
[SourceVersion "1"]
[SourceVersionDate "2011.10.28"]
[SourceQuality "1"]

1. d4 Nf6 2. c4 g6 3. Nc3 Bg7 4. e4 d6 5. Be2 0-0 6. Nf3 Re8 7. 0-0 Nc6 8. Be3 e5 9. dxe5 Nxe5 10. Nxe5 Rxe5 11. f3 b6 12. Qd2 Qf8 13. Rfe1 Bb7 14. Rad1 Rae8 15. Bf1 a5 16. a3 h5 17. b4 h4 18. Nb5 axb4 19. axb4 Qe7 20. Bg5 d5 21. cxd5 Bxd5 22. Bxh4 Bb3 23. Nd4 Ba4 24. Ra1 Rh5 25. Bf2 Bd7 26. Ra7 Nh7 27. Ne2 Bh6 28. Qc3 Rc8 29. Rxc7 Rd8 30. Rd1 Bg7 31. Qd2 Be5 32. Bg3 Bxc7 33. Bxc7 Rc8 34. Bxb6 Ba4 35. Rc1 Rb8 36. Bc5 Qh4 37. Qf4 Qd8 38. Nc3 Bb3 39. Rb1 Be6 40. Rd1 Qe8 41. g4 g5 42. Qe5 Rh6 43. Rd6 Rd8 44. Bd4 Nf6 45. Bb5 Qf8 46. Rxd8 Qxd8 47. Qxg5+ Rg6 48. Qe5 Kh7 49. h3 Qa8 50. Ne2 Qa3 51. Bc3 Qa2 52. Nf4 Qb1+ 53. Kf2 Qc2+ 54. Kg3 Rh6 55. g5 Rxh3+ 56. Nxh3 Nh5+ 57. Kh4 f6 58. g6+ Kg7 59. Qxh5 Bg8 60. Qc5 Qg2 61. Qe7+ 1-0

[Event "Miercurea Ciuc Banc Post op 14th"]
[Site "Miercurea Ciuc"]
[Date "2011.08.13"]
[Round "2"]
[White "Pessi, Emil George"]
[Black "Vasile, Claudiu Daniel"]
[Result "1-0"]
[WhiteElo "2246"]
[BlackElo "2006"]
[PlyCount "92"]
[EventDate "2011.08.12"]
[EventType "swiss"]
[EventRounds "9"]
[EventCountry "ROU"]
[SourceTitle "CBM 144 Extra"]
[Source "ChessBase"]
[SourceDate "2011.10.28"]
[SourceVersion "1"]
[SourceVersionDate "2011.10.28"]
[SourceQuality "1"]

1. e4 e5 2. Nf3 Nc6 3. Nc3 Nf6 4. d4 exd4 5. Nd5 Be7 6. Bc4 0-0 7. 0-0 d6 8. Nxd4 Ne5 9. Nxf6+ Bxf6 10. Be2 Re8 11. c4 Bd7 12. Rb1 Nc6 13. Nxc6 Bxc6 14. f3 Be5 15. Qd3 Qh4 16. f4 Bxf4 17. Rxf4 Qe1+ 18. Bf1 Bxe4 19. Rxe4 Qxe4 20. Bd2 Qxd3 21. Bxd3 Re7 22. b4 b6 23. Kf2 Rd8 24. Bg5 f6 25. Bf4 g5 26. Bd2 Kg7 27. Rb3 c5 28. Be2 Kg6 29. Rd3 Red7 30. Rd5 h5 31. Bd3+ Kg7 32. Bc3 cxb4 33. Bxb4 Kf7 34. a4 Re7 35. Bxd6 Red7 36. Bc7 Rxd5 37. cxd5 Rd7 38. d6 Ke6 39. Ke3 Kd5 40. Bf5 Rxd6 41. Bxd6 Kxd6 42. Ke4 Kc5 43. Bd7 a6 44. Kf5 b5 45. axb5 axb5 46. Kxf6 b4 1-0

[Event "Bucharest Gaudeamus Cup 1st"]
[Site "Bucharest"]
[Date "2011.03.27"]
[Round "4"]
[White "Ilie, Maria Ruxandra"]
[Black "Pessi, Emil George"]
[Result "0-1"]
[WhiteElo "2000"]
[BlackElo "2237"]
[PlyCount "76"]
[EventDate "2011.03.25"]
[EventType "swiss"]
[EventRounds "5"]
[EventCountry "ROU"]
[SourceTitle "CBM 141 Extra"]
[Source "ChessBase"]
[SourceDate "2011.05.03"]
[SourceVersion "1"]
[SourceVersionDate "2011.05.03"]
[SourceQuality "1"]

1. d4 Nf6 2. Nf3 g6 3. c4 Bg7 4. Nc3 d5 5. Bf4 0-0 6. cxd5 Nxd5 7. Nxd5 Qxd5 8. Bxc7 Nc6 9. e3 Bf5 10. a3 Rac8 11. Bg3 Na5 12. Nd2 Rc2 13. Qf3 Qd7 14. Qd1 Bxd4 15. exd4 Qxd4 16. Nf3 Qe4+ 17. Be2 Nb3 18. Rb1 Rxe2+ 19. Qxe2 Qxb1+ 20. Qd1 Qxb2 21. 0-0 Qxa3 22. Qd5 Qb4 23. Ne5 a5 24. Rd1 Be6 25. Qf3 a4 26. Nd3 Qg4 27. Qxg4 Bxg4 28. f3 Bf5 29. Nb4 a3 30. Bh4 f6 31. Bf2 Ra8 32. Na2 Rc8 33. g4 Be6 34. Be3 Rc2 35. Nb4 Re2 36. Bh6 Kf7 37. h4 Bc4 38. f4 Nd2 0-1

[Event "ROM-ch op"]
[Site "Sarata Monteoru"]
[Date "2011.02.17"]
[Round "8"]
[White "Pessi, Emil George"]
[Black "Dragomirescu, Robin Alexandru"]
[Result "1-0"]
[WhiteElo "2221"]
[BlackElo "2403"]
[PlyCount "133"]
[EventDate "2011.02.12"]
[EventType "swiss"]
[EventRounds "11"]
[EventCountry "ROU"]
[SourceTitle "EXT 2013"]
[Source "ChessBase"]
[SourceDate "2012.11.22"]
[SourceVersion "1"]
[SourceVersionDate "2012.11.22"]
[SourceQuality "1"]

1. e4 c5 2. Nc3 Nc6 3. f4 e6 4. Nf3 d5 5. Bb5 Nge7 6. exd5 Nxd5 7. Ne5 Bd7 8. Bxc6 Bxc6 9. Nxc6 bxc6 10. Qf3 Bd6 11. 0-0 0-0 12. Ne4 Be7 13. d3 f5 14. Nd2 Nb4 15. Qd1 Bf6 16. a3 Nd5 17. Nf3 Qd6 18. Qe2 Rab8 19. Ne5 Bxe5 20. fxe5 Qe7 21. c4 Nb6 22. Be3 Nd7 23. b4 cxb4 24. axb4 Qxb4 25. Rxa7 Rb7 26. Ra6 Nb8 27. Ra2 Nd7 28. d4 Rfb8 29. Rc2 Qb3 30. Rd1 Nb6 31. h3 Na4 32. Rd3 Qb4 33. d5 cxd5 34. cxd5 exd5 35. Bd4 Qe7 36. e6 Qh4 37. Be5 Ra8 38. Rd4 Qd8 39. Qf3 Nb6 40. Qxf5 Qe7 41. Rc6 Nc4 42. Bf4 Nb6 43. Bg5 Qe8 44. Rd6 h6 45. Bxh6 gxh6 46. Rg4+ Rg7 47. Rxg7+ Kxg7 48. Rxb6 Qe7 49. Qe5+ Kh7 50. Rd6 Rd8 51. Qf5+ Kh8 52. Qe5+ Kh7 53. Rc6 Kg8 54. Rc3 Re8 55. Rg3+ Kh7 56. Qf5+ Kh8 57. Qg6 Qf8 58. Rf3 Qc5+ 59. Kh1 Qc1+ 60. Kh2 Rg8 61. Qf6+ Rg7 62. Rg3 Qc7 63. Qxh6+ Kg8 64. Qxg7+ Qxg7 65. Rxg7+ Kxg7 66. Kg3 Kf6 67. Kf4 1-0

[Event "ROM-ch"]
[Site "Baile Olanesti"]
[Date "2010.02.02"]
[Round "3"]
[White "Dolana, Andrei Theodor"]
[Black "Pessi, Emil George"]
[Result "1/2-1/2"]
[WhiteElo "1918"]
[BlackElo "2224"]
[PlyCount "75"]
[EventDate "2010.01.31"]
[EventType "swiss"]
[EventRounds "9"]
[EventCountry "ROU"]
[SourceTitle "CBM 134 Extra"]
[Source "ChessBase"]
[SourceDate "2010.03.03"]
[SourceVersion "1"]
[SourceVersionDate "2010.03.03"]
[SourceQuality "1"]

1. e4 e5 2. Nf3 Nc6 3. Bc4 Be7 4. d4 exd4 5. Nxd4 d6 6. 0-0 Nf6 7. Nc3 0-0 8. Nxc6 bxc6 9. Bf4 Be6 10. Bb3 d5 11. exd5 cxd5 12. Qf3 c6 13. Rad1 Qb6 14. h3 Rfd8 15. Rfe1 Rd7 16. Na4 Qb5 17. Be3 Rad8 18. Qe2 Qa5 19. Qd2 Bb4 20. c3 Be7 21. f3 c5 22. Qf2 d4 23. cxd4 cxd4 24. Bxd4 Bxb3 25. axb3 Qb5 26. Qc2 Nd5 27. Nc3 Nb4 28. Qb1 Qb7 29. Bf2 Bd6 30. Ne4 Be7 31. Nc5 Bxc5 32. Bxc5 Nd5 33. Qe4 h6 34. Rd3 Qc8 35. Qc4 Nb6 36. Bxb6 Rxd3 37. Bxd8 Qxd8 38. Re8+ 1/2-1/2

[Event "ROM-ch"]
[Site "Eforie Nord"]
[Date "2009.02.05"]
[Round "6"]
[White "Sofronie, Iulian"]
[Black "Pessi, Emil George"]
[Result "1-0"]
[WhiteElo "2471"]
[BlackElo "2261"]
[PlyCount "121"]
[EventDate "2009.01.31"]
[EventType "swiss"]
[EventRounds "9"]
[EventCountry "ROU"]
[SourceTitle "CBM 130 Extra"]
[Source "ChessBase"]
[SourceDate "2009.07.02"]
[SourceVersion "2"]
[SourceVersionDate "2009.07.15"]
[SourceQuality "1"]

1. e4 e5 2. Nf3 Nc6 3. Bb5 d6 4. d4 Bd7 5. Nc3 Nf6 6. Bg5 Be7 7. dxe5 dxe5 8. Qd2 h6 9. Bxf6 Bxf6 10. Rd1 a6 11. Bxc6 Bxc6 12. Qe2 Qe7 13. Nd5 Bxd5 14. Rxd5 0-0 15. 0-0 Rfd8 16. Rfd1 Rxd5 17. Rxd5 Rd8 18. Rxd8+ Qxd8 19. g3 Qd6 20. Kg2 Kf8 21. Qc4 b5 22. Qe2 c6 23. Qe3 c5 24. b3 Bd8 25. c4 g5 26. h3 bxc4 27. bxc4 Ba5 28. Qa3 Bb4 29. Qb3 Kg7 30. Qb2 Kf6 31. a3 Ba5 32. Qb7 Bc3 33. Qc8 Kg7 34. Qf5 Qe6 35. Qxe6 fxe6 36. h4 Kg6 37. hxg5 hxg5 38. Nh2 Kh5 39. Nf1 Be1 40. Kf3 Bc3 41. Ne3 Bd4 42. Nc2 g4+ 43. Kg2 Bc3 44. Ne3 Bd2 45. Nf1 Bc3 46. f3 Kg5 47. fxg4 Kxg4 48. Nh2+ Kh5 49. Kh3 Bd4 50. Nf3 Bb2 51. a4 Bc3 52. g4+ Kg6 53. Kh4 Bd4 54. g5 Bc3 55. Kg4 Bd4 56. Nh4+ Kg7 57. Kh5 Bc3 58. Nf3 Bd4 59. Nh2 Bc3 60. Ng4 Bd4 61. Nf6 1-0

[Event "ROM-ch"]
[Site "Eforie Nord"]
[Date "2009.02.02"]
[Round "3"]
[White "Chirila, Ioan Cristian"]
[Black "Pessi, Emil George"]
[Result "1-0"]
[WhiteElo "2485"]
[BlackElo "2261"]
[PlyCount "77"]
[EventDate "2009.01.31"]
[EventType "swiss"]
[EventRounds "9"]
[EventCountry "ROU"]
[SourceTitle "CBM 130 Extra"]
[Source "ChessBase"]
[SourceDate "2009.07.02"]
[SourceVersion "2"]
[SourceVersionDate "2009.07.15"]
[SourceQuality "1"]

1. e4 e5 2. Nf3 Nc6 3. Bb5 d6 4. d4 Bd7 5. d5 Nb8 6. Bxd7+ Nxd7 7. 0-0 Ngf6 8. Qe2 Be7 9. c4 0-0 10. Nc3 a5 11. b3 Nc5 12. Rb1 Qd7 13. Ne1 Qg4 14. f3 Qg6 15. Be3 Nh5 16. Nd3 Nd7 17. Kh1 Bg5 18. Bxg5 Qxg5 19. Nb5 c6 20. Nxd6 Qh6 21. Nf5 Qf6 22. Qf2 cxd5 23. cxd5 Rfc8 24. g4 Nf4 25. g5 Qxg5 26. Nxf4 Qxf4 27. Ne7+ Kf8 28. Nxc8 Rxc8 29. Qg3 Rc2 30. Qxf4 exf4 31. Rbc1 Rxa2 32. d6 f6 33. Rc7 Ke8 34. Rd1 b6 35. Rd4 Rb2 36. Rb7 Kd8 37. Rc4 Rd2 38. Rc6 g5 39. Ra7 1-0

[Event "ROM-ch"]
[Site "Cluj"]
[Date "2008.03.02"]
[Round "9"]
[White "Pessi, Emil George"]
[Black "Miroiu, George Catalin"]
[Result "1-0"]
[WhiteElo "2274"]
[BlackElo "2076"]
[PlyCount "79"]
[EventDate "2008.02.25"]
[EventType "swiss"]
[EventRounds "9"]
[EventCountry "ROU"]
[SourceTitle "CBM 123 Extra"]
[Source "ChessBase"]
[SourceDate "2008.05.06"]
[SourceVersion "1"]
[SourceVersionDate "2008.05.06"]
[SourceQuality "1"]

1. e4 e6 2. d4 d5 3. Bd3 Nf6 4. Nc3 c5 5. Nf3 Nc6 6. Be3 cxd4 7. Nxd4 Be7 8. Bb5 Bd7 9. Bxc6 Bxc6 10. e5 Nd7 11. f4 g6 12. 0-0 Bc5 13. Qd2 Qb6 14. a3 a6 15. b4 Bxd4 16. Bxd4 Qc7 17. Qf2 Bb5 18. Rfd1 h5 19. a4 Bc4 20. Nb1 a5 21. b5 Rc8 22. Nd2 Qd8 23. b6 Qe7 24. Rdb1 0-0 25. h3 Kg7 26. Nf3 Rh8 27. Qd2 Ra8 28. Qe3 Rac8 29. Bb2 Qc5 30. Nd4 Qe7 31. Ba3 Qh4 32. Bd6 Nb8 33. Nf3 Qd8 34. Bc7 Qe7 35. Nd4 Na6 36. Bd6 Qh4 37. Rb2 Rh7 38. c3 Rg8 39. Rf2 Nb8 40. Nf3 1-0

[Event "Miercurea Ciuc Banc Post op 10th"]
[Site "Miercurea Ciuc"]
[Date "2007.08.19"]
[Round "8"]
[White "Orso, Miklos"]
[Black "Pessi, Emil George"]
[Result "1/2-1/2"]
[WhiteElo "2363"]
[BlackElo "2311"]
[PlyCount "61"]
[EventDate "2007.08.19"]
[EventType "swiss"]
[EventRounds "9"]
[EventCountry "ROU"]
[SourceTitle "EXT 2010"]
[Source "ChessBase"]
[SourceDate "2010.11.25"]
[SourceVersion "1"]
[SourceVersionDate "2010.11.25"]
[SourceQuality "1"]

1. d4 Nf6 2. Nf3 g6 3. c4 Bg7 4. Nc3 0-0 5. e4 d6 6. Be2 Nc6 7. d5 Nb8 8. 0-0 Re8 9. Rb1 e6 10. dxe6 Bxe6 11. Nd4 Bd7 12. Bf3 Nc6 13. Nxc6 Bxc6 14. Re1 a5 15. Bg5 h6 16. Bd2 Re6 17. Qc1 g5 18. h3 Qe8 19. Qc2 b6 20. b3 Qd7 21. Rbc1 Rae8 22. Nd5 Qd8 23. Bc3 Ba8 24. Qb2 h5 25. g3 g4 26. hxg4 hxg4 27. Bg2 Nh5 28. Bxg7 Nxg7 29. Qd2 Rg6 30. Nf4 Rg5 31. Rcd1 1/2-1/2

[Event "Miercurea Ciuc Banc Post op 10th"]
[Site "Miercurea Ciuc"]
[Date "2007.08.19"]
[Round "3"]
[White "Pessi, Emil George"]
[Black "Rendi, Eva"]
[Result "1-0"]
[WhiteElo "2311"]
[BlackElo "2124"]
[PlyCount "51"]
[EventDate "2007.08.19"]
[EventType "swiss"]
[EventRounds "9"]
[EventCountry "ROU"]
[SourceTitle "EXT 2010"]
[Source "ChessBase"]
[SourceDate "2010.11.25"]
[SourceVersion "1"]
[SourceVersionDate "2010.11.25"]
[SourceQuality "1"]

1. e4 c5 2. Nc3 Nc6 3. f4 g6 4. Nf3 Bg7 5. Be2 e6 6. 0-0 Nge7 7. d3 Nd4 8. e5 d6 9. exd6 Qxd6 10. Ne4 Qc7 11. c3 Nxe2+ 12. Qxe2 0-0 13. Qf2 b6 14. Ne5 Bb7 15. Qh4 Bxe4 16. dxe4 Nc6 17. Nf3 Rad8 18. f5 exf5 19. exf5 gxf5 20. Qh3 Qc8 21. Nh4 f4 22. Nf5 Rd5 23. Rxf4 Rd1+ 24. Rf1 Rxf1+ 25. Kxf1 Re8 26. Qg4 1-0

[Event "Galatzi GP op"]
[Site "Galatzi"]
[Date "2007.05.13"]
[Round "7"]
[White "Pessi, Emil George"]
[Black "Sanduleac, Vasile"]
[Result "1/2-1/2"]
[WhiteElo "2316"]
[BlackElo "2449"]
[PlyCount "48"]
[EventDate "2007.05.08"]
[EventType "swiss"]
[EventRounds "9"]
[EventCountry "ROU"]
[SourceTitle "CBM 118 Extra"]
[Source "ChessBase"]
[SourceDate "2007.07.04"]
[SourceVersion "1"]
[SourceVersionDate "2007.07.04"]
[SourceQuality "1"]

1. e4 g6 2. d4 Bg7 3. Nf3 c6 4. Nc3 d5 5. Bd3 Bg4 6. e5 f6 7. Bf4 fxe5 8. dxe5 Nd7 9. Qe2 Bxf3 10. gxf3 Qc7 11. 0-0-0 Bxe5 12. Bg3 Bf4+ 13. Kb1 Qe5 14. Qf1 Ngf6 15. Qh3 Qh5 16. Qg2 Be5 17. Ne2 Nc5 18. f4 Bxb2 19. Rhe1 Ba3 20. f5 Nxd3 21. Rxd3 Bb4 22. Nf4 Qxf5 23. Ne6 Qe4 24. f3 Qc4 1/2-1/2

[Event "ROM-ch"]
[Site "Amara"]
[Date "2007.02.19"]
[Round "5"]
[White "Pessi, Emil George"]
[Black "Nanu, Ciprian Costica"]
[Result "0-1"]
[WhiteElo "2295"]
[BlackElo "2505"]
[PlyCount "75"]
[EventDate "2007.02.16"]
[EventType "swiss"]
[EventRounds "9"]
[EventCountry "ROU"]
[SourceTitle "CBM 117 Extra"]
[Source "ChessBase"]
[SourceDate "2007.05.09"]
[SourceVersion "1"]
[SourceVersionDate "2007.05.09"]
[SourceQuality "1"]

1. e4 d5 2. Nc3 dxe4 3. Nxe4 Bf5 4. Qf3 Bxe4 5. Qxe4 c6 6. Nf3 Nf6 7. Qe2 e6 8. g3 Bd6 9. Bg2 0-0 10. 0-0 Nbd7 11. d4 Re8 12. b3 e5 13. dxe5 Nxe5 14. Bb2 Nxf3+ 15. Qxf3 Be5 16. Bxe5 Rxe5 17. Rad1 Qe7 18. a4 Re8 19. Qd3 h5 20. h4 a5 21. Bf3 Qc5 22. Kg2 b5 23. Qd6 Rc8 24. Qd4 bxa4 25. Qxa4 Qxc2 26. Rc1 Qf5 27. Rxc6 Rd8 28. Qc4 Ng4 29. Qc2 Rd3 30. Rc8+ Kh7 31. Bxg4 hxg4 32. Rc3 Rxc3 33. Qxc3 Re2 34. Kg1 Qd5 35. Qc4 Qf3 36. Qb5 Ra2 37. Qc4 Rd2 38. Qb5 0-1

[Event "Bucharest Rizea Memorial"]
[Site "Bucharest"]
[Date "2007.??.??"]
[Round "3"]
[White "Mateuta, Gabriel"]
[Black "Pessi, Emil George"]
[Result "1-0"]
[WhiteElo "2487"]
[BlackElo "2311"]
[PlyCount "101"]
[EventDate "2007.11.17"]
[EventType "swiss"]
[EventRounds "9"]
[EventCountry "ROU"]
[SourceTitle "EXT 2010"]
[Source "ChessBase"]
[SourceDate "2010.11.25"]
[SourceVersion "1"]
[SourceVersionDate "2010.11.25"]
[SourceQuality "1"]

1. d4 Nf6 2. Nf3 g6 3. Nbd2 Bg7 4. e4 d6 5. Bd3 Nc6 6. c3 e5 7. 0-0 0-0 8. Re1 h6 9. Bf1 Nh5 10. Nb3 Qf6 11. d5 Ne7 12. g3 Kh7 13. Be3 Ng8 14. Be2 Qe7 15. Nfd2 Nhf6 16. Na5 Ne8 17. Nac4 f5 18. exf5 Bxf5 19. Qb3 b6 20. Bf3 Nef6 21. Bg2 Ng4 22. h3 Nxe3 23. Nxe3 Bc8 24. Ne4 h5 25. h4 Bh6 26. Qc2 Nf6 27. c4 Bd7 28. Rad1 Rf7 29. Re2 Raf8 30. Rf1 Ng4 31. Nxg4 Bxg4 32. Ree1 Qd7 33. b4 Bf3 34. c5 Kg7 35. cxd6 cxd6 36. Qc6 Bxe4 37. Rxe4 Rc8 38. Qxd7 Rxd7 39. Bh3 Rdc7 40. Bxc8 Rxc8 41. f4 exf4 42. gxf4 Rc2 43. Rf2 Rc1+ 44. Kg2 Kf7 45. f5 g5 46. Re6 Bf8 47. hxg5 Rc4 48. Kf3 Rd4 49. Rc2 Rxd5 50. Rc7+ Kg8 51. Ke4 1-0